header

Chinthana Manthana (Record no. 97648)

MARC details
000 -LEADER
fixed length control field 01213nam a2200301 a 4500
100 1# - MAIN ENTRY--AUTHOR NAME
Personal name Veena, G. R.
245 10 - TITLE STATEMENT
Title Chinthana Manthana
260 ## - PUBLICATION, DISTRIBUTION, ETC. (IMPRINT)
Place of publication Daryaganj, New Delhi :
Name of publisher New Age International (P) Ltd.,
Year of publication 2009.
300 ## - PHYSICAL DESCRIPTION
Number of Pages 137 p. :
Other physical details ill.
500 ## - GENERAL NOTE
General note Answers with explanation to the puzzles, p. 113.
650 #0 - SUBJECT ADDED ENTRY--TOPICAL TERM
Topical Term Self-actualization (Psychology)
Topical Term Self-help techniques.
Topical Term Psychological recreations.
856 40 - ELECTRONIC LOCATION AND ACCESS
Uniform Resource Identifier http://site.ebrary.com/lib/rucke/Doc?id=10377986

No items available.

© 2026 Rongo University
Contact us: librarian | system librarian | Rongo university